Kỷ thuật nấu các món ăn đặc sản/
.
Đã lưu trong:
| Tác giả chính: | |
|---|---|
| Định dạng: | Sách |
| Năm xuất bản: |
H.:
Phụ nữ,
1999.-
|
| Chủ đề: | |
| Tags: |
Thêm thẻ
Không có thẻ, Hãy là người đầu tiên gắn thẻ bản ghi này!
|
| LEADER | 00727nam a2200157 4500 | ||
|---|---|---|---|
| 082 | |a 641.5 |b NG 527 TH | ||
| 100 | |a Nguyễn Thị Phụng | ||
| 245 | |a Kỷ thuật nấu các món ăn đặc sản/ |c Nguyễn Thị Phụng, Trần Kim Mai | ||
| 260 | |a H.: |b Phụ nữ, |c 1999.- | ||
| 300 | |a 124tr.; |c 19cm | ||
| 520 | |a . | ||
| 653 | |a Kỷ thuật%Nấu ăn% Món ăn đặc sản | ||
| 942 | |2 ddc |c SH | ||
| 999 | |c 6078 |d 6078 | ||
| 952 | |0 0 |1 0 |2 ddc |4 0 |6 641_500000000000000_NG_527_TH |7 0 |8 600 |9 55546 |a qbu |b qbu |c D3 |d 2015-01-14 |g 13000 |o 641.5 NG 527 TH |p 6385.C1 |r 0000-00-00 |w 2015-01-14 |y SH | ||
| 952 | |0 0 |1 0 |2 ddc |4 0 |6 641_500000000000000_NG_527_TH |7 0 |8 600 |9 92404 |a qbu |b qbu |c D3 |d 2015-09-01 |g 13000 |o 641.5 NG 527 TH |p 6385.C2 |r 0000-00-00 |w 2015-09-01 |y SH | ||